| 000 | 00858cam a2200241 a 4500 | ||
|---|---|---|---|
| 001 | 000018343 | ||
| 005 | 20200929165450.0 | ||
| 008 | 060523s1959 gt a b 000 0 spa | ||
| 040 |
_aDO-SdBNP _bspa _cDLC _dDLC _dBNPHU |
||
| 050 | 0 | 0 |
_aF1466.4.G32 _bC5 |
| 082 |
_ann _bC568d |
||
| 100 | 1 |
_aCid, Enrique del, _939731 |
|
| 245 | 1 | 0 |
_aDon Gabino de Gainza y otros estudios / _cEnrique del Cid Fernández. |
| 260 |
_aGuatemala : _bUniversitaria de San Carlos de Guatemala, _c1959. |
||
| 300 |
_a337 p. : _bil. ; _c21 cm. |
||
| 490 | 1 |
_aAutores Guatemalenses "Carlos Wyld Ospina" _v4 |
|
| 504 | _aIncluye bibliografía: [327]-328. | ||
| 600 | 1 | 0 |
_aGainz, Gabino, _d1760-1824. _939732 |
| 651 | 0 |
_aGuatemala _xHistory _yTo 1821. _939733 |
|
| 830 | 0 |
_aAutores Guatemalenses "Carlos Wyld Ospina" _v4 _939734 |
|
| 910 | _aCatalogación por derivada / LC | ||
| 049 | _aNN | ||
| 999 |
_c17864 _d17864 |
||